000
00206nam a2200085Ia 4500
008
170620s9999 xx 000 0 und d
100
_a
LAXMIKANTH-M
245
0
_a
PUBLIC ADMIISTRATION
260
_b
"NEW DELHI
260
_c
TAT MC GRAW HILL"
999
_c
29689
_d
29689